MARC

LEADER 00000nam0a2200000 4500
001 299748
005 20231102001231.0
020 |a RU  |b 82-84407 
035 |a (RuTPU)RU\TPU\book\324900 
090 |a 299748 
100 |a 20150702d1982 km y0rusy5003 ca 
101 0 |a rus 
102 |a RU 
105 |a a z 001zy 
200 1 |a Подземные газонефтехранилища в отложениях каменной соли  |f В. А. Мазуров 
210 |a Москва  |c Недра  |d 1982 
215 |a 212 с.  |c ил. 
320 |a Библиогр.: с. 208-211 
606 1 |a Газонефтехранилища подземные  |2 stltpush  |3 (RuTPU)RU\TPU\subj\5089  |9 33250 
610 1 |a газохранилища подземные 
610 1 |a нефтехранилища подземные 
610 1 |a выщелачивание подземное 
610 1 |a каменная соль 
610 1 |a отложения 
610 1 |a рассолы 
610 1 |a утилизация 
610 1 |a сбор 
610 1 |a хранение 
610 1 |a подземные резервуары 
610 1 |a подземные хранилища 
610 1 |a эксплуатация 
675 |a 622.692.24  |z rus  |v 3 
700 1 |a Мазуров  |b В. А.  |g Василий Андреевич  |4 070 
801 0 |a RU  |b RuMRKP  |c 19950704  |g psbo 
801 1 |a RU  |b 63413507  |c 20150702 
801 2 |a RU  |b 63413507  |c 20190613  |g RCR 
942 |c BK